| 000 | 00841nam a22002297a 4500 | ||
|---|---|---|---|
| 999 |
_c8440 _d8440 |
||
| 003 | AR-CdUCM | ||
| 008 | 190321b ||||| |||| 00| 0 spa d | ||
| 040 |
_aMUNICIPALIDAD PROVINCIAL DEL CUSCO _cBIBLIOTECA MUNICIPAL DEL CUSCO |
||
| 082 |
_a985.008 / _bD85M _22 ed. |
||
| 245 |
_aDocumental del Perú : _bdepartamento de Moquegua / |
||
| 260 |
_aLima : _bIOOPE, _c1971. |
||
| 300 |
_a158 páginas ; _bImágenes, mapas. _c21 cm. |
||
| 440 |
_aDocumental del Perú _923686 |
||
| 500 | _aDonación familia Nieto | ||
| 505 | _aContenido: Folclore -- Épocas históricas -- Los puquinas -- La guerra del Pacífico -- Luis E. Valcárcel ... | ||
| 650 |
_aHistoria de Moquegua _923687 |
||
| 650 |
_aProducción _91785 |
||
| 650 |
_aFolklore _91081 |
||
| 700 |
_a Cortazar, Pedro Felipe (director) _917387 |
||
| 942 |
_2ddc _cLIBROS |
||
| 945 | _araen | ||